|
|
|
|
| LEADER |
00000cam a2200000 i 4500 |
| 001 |
vtls009685948 |
| 003 |
SK-MaSNL |
| 005 |
20260301171443.0 |
| 008 |
210928s1975 xr gr 001 0 cze |
| 020 |
|
|
|q (viazané)
|c 85,-Kčs
|
| 035 |
|
|
|a (SVKBBclas03)vtls000053898
|
| 040 |
|
|
|a SNK
|b slo
|c SNK
|e AACR2
|
| 041 |
0 |
|
|a cze
|
| 044 |
|
|
|a xr
|c CZ
|
| 080 |
|
|
|a 943.7"1917/1922"
|2 1981
|
| 080 |
|
|
|a 327(437:47+57)"1917/1922"
|2 1981
|
| 245 |
0 |
0 |
|a Dokumenty a materiály k dějinám československo-sovětských vztahů
|n Díl 1
|p Listopad 1917-srpen 1922
|c Edit. Čestmír Amort a kol.
|
| 250 |
|
|
|a 1. vyd.
|
| 260 |
|
|
|a Praha
|b Academia
|c 1975
|
| 300 |
|
|
|a 608 s.
|b Reg.
|c 23 cm
|
| 650 |
0 |
7 |
|a vzťahy československo-sovietske - r. 1917-1922
|2 SNK
|9 539157
|
| 700 |
1 |
|
|a Amort, Čestmír,
|d 1922-2013
|4 edt
|9 159430
|
| 852 |
|
|
|a Štátna vedecká knižnica v Banskej Bystrici
|
| 958 |
|
|
|a OND
|
| 999 |
|
|
|c 830883
|d 832813
|
| 952 |
|
|
|a SNK
|b SNK
|y VYP
|7 0
|p 17A1075423
|o snkSC 41764/1 D1
|i snkKIP 3030/75
|z rekatalogizácia
|0 0
|1 0
|4 0
|d 2014-07-10
|l 0
|r 2026-02-24 03:37:12
|w 2026-02-24
|